000
00259nam a22001337a 4500
020
_a
0-8423-7441-8
082
_a
200
_b
WEB/I
100
_a
WEBER, STU
245
_a
INFINITE IMPACT
260
_b
TYNDALEW
300
_a
200
650
_a
SPIRITUAL
942
_c
BK
999
_c
4798
_d
4798